[Event "TUR-chT 1st League"]
[Site "Denizli"]
[Date "2023.07.12"]
[Round "5.31"]
[White "Tari, Aryan"]
[Black "Esen, Baris"]
[Result "1/2-1/2"]
[WhiteElo "2641"]
[BlackElo "2470"]
[PlyCount "105"]
[EventDate "2023.07.09"]
[EventType "team-swiss"]
[EventRounds "9"]
[EventCountry "TUR"]
[SourceTitle "CBM 215 Extra"]
[Source "ChessBase"]
[SourceDate "2023.09.30"]
[SourceVersion "1"]
[SourceVersionDate "2023.09.30"]
[SourceQuality "1"]
[WhiteTeam "Besiktas Jimnastik"]
[BlackTeam "Pamukkale Universiteli"]
[WhiteTeamCountry "TUR"]
[BlackTeamCountry "TUR"]

1. e4 c5 2. Nf3 d6 3. d4 cxd4 4. Nxd4 Nf6 5. Nc3 a6 6. h3 g6 7. Be3 Nbd7 8. a4 b6 9. Bc4 Bb7 10. f3 Rc8 11. Ba2 Bg7 12. Qd2 Ne5 13. Bh6 0-0 14. Bxg7 Kxg7 15. h4 h5 16. 0-0-0 b5 17. g4 Rh8 18. g5 Nfd7 19. f4 Nc4 20. Bxc4 Rxc4 21. b3 Rc5 22. axb5 axb5 23. Ndxb5 Kh7 24. Qd4 Qb6 25. Na3 Rhc8 26. Nc4 Qa6 27. Rh3 Rxc4 28. bxc4 Rxc4 29. Qf2 Qa3+ 30. Kd2 Nc5 31. Qe2 Rxc3 32. Rxc3 Qa5 33. Re1 Nxe4+ 34. Qxe4 Bxe4 35. Rxe4 e6 36. Rd4 d5 37. Kd3 Qa6+ 38. Ke3 Qf1 39. Rc7 Kg7 40. Ra4 Qe1+ 41. Kd3 Qxh4 42. Rc8 Qg3+ 43. Ke2 e5 44. Raa8 Qg2+ 45. Ke1 Qe4+ 46. Kd1 Qd4+ 47. Ke1 exf4 48. Rg8+ Kh7 49. Rgf8 Kg7 50. Rg8+ Kh7 51. Rgf8 Kg7 52. Rg8+ Kh7 53. Rgf8 1/2-1/2

[Event "TUR-chT 1st League"]
[Site "Denizli"]
[Date "2023.07.11"]
[Round "4.11"]
[White "Esen, Baris"]
[Black "Kacharava, Nikoloz"]
[Result "1/2-1/2"]
[WhiteElo "2470"]
[BlackElo "2523"]
[PlyCount "60"]
[EventDate "2023.07.09"]
[EventType "team-swiss"]
[EventRounds "9"]
[EventCountry "TUR"]
[SourceTitle "CBM 215 Extra"]
[Source "ChessBase"]
[SourceDate "2023.09.30"]
[SourceVersion "1"]
[SourceVersionDate "2023.09.30"]
[SourceQuality "1"]
[WhiteTeam "Pamukkale Universiteli"]
[BlackTeam "Tarsus Zeka"]
[WhiteTeamCountry "TUR"]
[BlackTeamCountry "TUR"]

1. d4 d5 2. c4 e6 3. Nf3 Nf6 4. Nc3 c6 5. e3 Nbd7 6. Bd3 dxc4 7. Bxc4 b5 8. Bd3 Bd6 9. 0-0 0-0 10. b3 Bb7 11. Bb2 a6 12. a4 Re8 13. Ng5 h6 14. Nge4 Be7 15. Qe2 Nd5 16. Rac1 Rc8 17. Nxd5 cxd5 18. Nc3 b4 19. Nb1 Qb6 20. Nd2 a5 21. Nf3 Nf6 22. Ne5 Rxc1 23. Rxc1 Rc8 24. Rxc8+ Bxc8 25. f3 Qc7 26. Qc2 Qxc2 27. Bxc2 Bb7 28. Bd3 Kf8 29. Kf2 Bd6 30. Bb5 Bc7 1/2-1/2

[Event "TUR-chT"]
[Site "Ankara"]
[Date "2022.08.27"]
[Round "13.4"]
[White "Esen, Baris"]
[Black "Solak, Dragan"]
[Result "1/2-1/2"]
[WhiteElo "2476"]
[BlackElo "2594"]
[PlyCount "136"]
[EventDate "2022.08.16"]
[EventType "team-tourn"]
[EventRounds "13"]
[EventCountry "TUR"]
[SourceTitle "CBM 209 Extra"]
[Source "ChessBase"]
[SourceDate "2022.09.30"]
[SourceVersion "1"]
[SourceVersionDate "2022.09.30"]
[SourceQuality "1"]
[WhiteTeam "Hatay Buyuksehir"]
[BlackTeam "Bayegan Pendik"]
[WhiteTeamCountry "TUN"]
[BlackTeamCountry "TUR"]

1. d4 Nf6 2. c4 c6 3. Nf3 b5 4. Nbd2 bxc4 5. Nxc4 Ba6 6. Qc2 e6 7. Bd2 Bxc4 8. Qxc4 Ne4 9. e3 Nxd2 10. Nxd2 Qb6 11. Bd3 Bb4 12. Rd1 a5 13. 0-0 Bxd2 14. Rxd2 Na6 15. Bb1 0-0 16. Qc2 f5 17. Qc3 Nb4 18. Rc1 Nd5 19. Qd3 a4 20. a3 Ra5 21. Ba2 Nf6 22. b4 axb3 23. Bxb3 Rb8 24. Bd1 Rb5 25. Rdc2 Ne4 26. Bf3 Rb3 27. Qd1 Nd6 28. Ra2 Qa5 29. a4 R8b4 30. h3 Kf7 31. Rc5 Qa6 32. a5 Rb2 33. Rc2 Rb1 34. Rc1 Qb5 35. Ra1 Rxc1 36. Qxc1 Ra4 37. Rxa4 Qxa4 38. Qc5 Nc4 39. Qa7 Qxa5 40. Qxd7+ Kf6 41. Kh2 Qb4 42. Qxc6 Qd6+ 43. Kg1 Qxc6 44. Bxc6 g5 45. Kf1 h5 46. Ke2 e5 47. Kd3 Nd6 48. Bd5 h4 49. Kc3 f4 50. Bf3 fxe3 51. fxe3 Nf5 52. Kd3 Ng3 53. Bg4 e4+ 54. Kc4 Nf1 55. Kd5 Nxe3+ 56. Kxe4 Nxg2 57. d5 Ke7 58. Ke5 Ne3 59. d6+ Kd8 60. Be2 Kd7 61. Bb5+ Kd8 62. Ke4 Ng2 63. Kf5 Nf4 64. Kg4 Kc8 65. Kxg5 Nxh3+ 66. Kxh4 Nf2 67. Kg3 Ne4+ 68. Kf4 Nxd6 1/2-1/2

[Event "TUR-chT"]
[Site "Ankara"]
[Date "2022.08.24"]
[Round "10.4"]
[White "Dudin, Gleb"]
[Black "Esen, Baris"]
[Result "0-1"]
[WhiteElo "2480"]
[BlackElo "2476"]
[PlyCount "122"]
[EventDate "2022.08.16"]
[EventType "team-tourn"]
[EventRounds "13"]
[EventCountry "TUR"]
[SourceTitle "CBM 209 Extra"]
[Source "ChessBase"]
[SourceDate "2022.09.30"]
[SourceVersion "1"]
[SourceVersionDate "2022.09.30"]
[SourceQuality "1"]
[WhiteTeam "Burhaniye"]
[BlackTeam "Hatay Buyuksehir"]
[WhiteTeamCountry "TUN"]
[BlackTeamCountry "TUN"]

1. d4 d5 2. c4 dxc4 3. Nf3 Nf6 4. e3 e6 5. Bxc4 a6 6. 0-0 b5 7. Be2 Bb7 8. a4 b4 9. b3 Nbd7 10. Bb2 c5 11. Nbd2 Be7 12. Rc1 0-0 13. Nc4 Rc8 14. Nfe5 Qc7 15. Nxd7 Nxd7 16. dxc5 Rfd8 17. Qd4 Bf6 18. Qd2 Bxb2 19. Nxb2 a5 20. c6 Bxc6 21. Rfd1 Nb6 22. Qc2 Rxd1+ 23. Qxd1 Nd5 24. Bf1 Nc3 25. Qg4 Bd5 26. Nc4 Bxc4 27. Bxc4 Rd8 28. h4 Qe5 29. h5 h6 30. g3 Rd2 31. Qf3 Qf5 32. Kg2 Ne4 33. Rf1 Rb2 34. Qxf5 exf5 35. Bd5 Nf6 36. Bc4 Ng4 37. Kg1 Rd2 38. Ba6 g6 39. hxg6 fxg6 40. f3 Nxe3 41. Re1 Rd1 42. Kf2 Rxe1 43. Kxe1 Kf7 44. Kd2 Nd5 45. Kd3 Ke6 46. Kc4 Kd6 47. f4 Nc3 48. Bb7 Nb1 49. Kd3 Kc5 50. Bg2 Nc3 51. Bf3 Nd5 52. Bh1 Nf6 53. Bf3 g5 54. fxg5 hxg5 55. Ke3 g4 56. Bb7 Nh5 57. Kf2 Kd4 58. Bc8 f4 59. Bxg4 fxg3+ 60. Kf3 Nf6 61. Be6 Ne4 0-1

[Event "TUR-chT"]
[Site "Ankara"]
[Date "2022.08.24"]
[Round "9.2"]
[White "Esen, Baris"]
[Black "Karaahmetoglu, Ege"]
[Result "1-0"]
[WhiteElo "2476"]
[BlackElo "1988"]
[PlyCount "123"]
[EventDate "2022.08.16"]
[EventType "team-tourn"]
[EventRounds "13"]
[EventCountry "TUR"]
[SourceTitle "CBM 209 Extra"]
[Source "ChessBase"]
[SourceDate "2022.09.30"]
[SourceVersion "1"]
[SourceVersionDate "2022.09.30"]
[SourceQuality "1"]
[WhiteTeam "Hatay Buyuksehir"]
[BlackTeam "Gokyay Vakfi"]
[WhiteTeamCountry "TUN"]
[BlackTeamCountry "TUR"]

1. d4 Nf6 2. c4 e6 3. Nf3 b6 4. g3 Ba6 5. b3 Bb4+ 6. Bd2 Be7 7. Bg2 d5 8. cxd5 exd5 9. 0-0 0-0 10. Nc3 Re8 11. Qc2 c5 12. Rfd1 Nbd7 13. Bg5 Rc8 14. Qb2 h6 15. Bf4 Bf8 16. Rac1 Qe7 17. dxc5 bxc5 18. Nxd5 Nxd5 19. Rxd5 Qf6 20. Qxf6 Nxf6 21. Rd2 Rxe2 22. Rxe2 Bxe2 23. Ne5 Bb5 24. Be3 Bd6 25. Nc4 Be7 26. h3 Bc6 27. Rd1 Bxg2 28. Kxg2 Rc6 29. Kf3 Kf8 30. Bf4 h5 31. g4 g6 32. Bb8 Rc8 33. Be5 Rc6 34. Kf4 Ke8 35. Nd6+ Kf8 36. Ne4 Nxe4 37. Kxe4 f6 38. Bf4 hxg4 39. hxg4 Ra6 40. Rd2 Ke8 41. Kd5 Rb6 42. Rc2 Kd7 43. Be3 Rd6+ 44. Ke4 Re6+ 45. Kd3 Rd6+ 46. Ke2 Ra6 47. Kf3 Ke6 48. Bd2 Rd6 49. Bf4 Rd3+ 50. Be3 Rd5 51. Rc4 g5 52. Ra4 Rd7 53. Ke4 Bd6 54. Ra6 Rc7 55. f4 c4 56. f5+ Ke7 57. Rxa7 cxb3 58. axb3 Rxa7 59. Bxa7 Bb4 60. Kd5 Kd7 61. Bc5 Bd2 62. b4 1-0

[Event "TUR-chT"]
[Site "Ankara"]
[Date "2022.08.18"]
[Round "3.1"]
[White "Yu, Yangyi"]
[Black "Esen, Baris"]
[Result "1-0"]
[WhiteElo "2708"]
[BlackElo "2476"]
[PlyCount "73"]
[EventDate "2022.08.16"]
[EventType "team-tourn"]
[EventRounds "13"]
[EventCountry "TUR"]
[SourceTitle "CBM 209 Extra"]
[Source "ChessBase"]
[SourceDate "2022.09.30"]
[SourceVersion "1"]
[SourceVersionDate "2022.09.30"]
[SourceQuality "1"]
[WhiteTeam "Gokturk"]
[BlackTeam "Hatay Buyuksehir"]
[WhiteTeamCountry "TUR"]
[BlackTeamCountry "TUN"]

1. d4 d5 2. c4 c6 3. Nc3 Nf6 4. e3 e6 5. Nf3 Nbd7 6. Qc2 b6 7. b3 Bb7 8. Bb2 Be7 9. Bd3 0-0 10. 0-0 h6 11. Rfd1 Qc7 12. a4 a5 13. Rac1 Rad8 14. cxd5 exd5 15. Ne2 Bd6 16. Ng3 Bxg3 17. hxg3 Rfe8 18. Bf5 Ne4 19. Ne5 Nxe5 20. dxe5 c5 21. g4 Qe7 22. Qe2 Qc7 23. Qd3 Ng5 24. Qf1 Ne4 25. f4 Qc6 26. Qf3 Bc8 27. Qh3 Be6 28. Qh4 Rd7 29. Rd3 b5 30. Bxe4 dxe4 31. Rxd7 Qxd7 32. Rxc5 bxa4 33. f5 axb3 34. fxe6 Rxe6 35. Rxa5 Rg6 36. Ra8+ Kh7 37. Qd8 1-0

[Event "TUR-chT"]
[Site "Konya"]
[Date "2019.07.25"]
[Round "9.4"]
[White "Esen, Baris"]
[Black "Gadimbayli, Abdulla Azar"]
[Result "0-1"]
[WhiteElo "2478"]
[BlackElo "2414"]
[PlyCount "68"]
[EventDate "2019.07.17"]
[EventType "team-tourn"]
[EventRounds "13"]
[EventCountry "TUR"]
[SourceTitle "CBM 191 Extra"]
[Source "ChessBase"]
[SourceDate "2019.09.30"]
[SourceVersion "1"]
[SourceVersionDate "2019.09.30"]
[SourceQuality "1"]
[WhiteTeam "Hatay Buyuksehir"]
[BlackTeam "Kahramanmaras Buyuksehir"]
[WhiteTeamCountry "TUR"]
[BlackTeamCountry "TUR"]

1. Nf3 Nf6 2. c4 b6 3. g3 Bb7 4. Bg2 e6 5. 0-0 Be7 6. b3 0-0 7. Bb2 c5 8. e3 d5 9. Qe2 Nc6 10. d4 cxd4 11. exd4 Rc8 12. Nbd2 Re8 13. Rfd1 Bb4 14. Nf1 Ba6 15. Rac1 Na5 16. Ne5 Qe7 17. Ne3 Red8 18. Rc2 h6 19. Bf3 Rc7 20. Qf1 Rdc8 21. Be2 Bb7 22. f3 dxc4 23. bxc4 Qe8 24. Qh3 Nd5 25. Nf1 f6 26. Ng4 Nxc4 27. Bd3 Nxb2 28. Rxb2 f5 29. Nf2 Bc3 30. Re2 Qg6 31. Qh4 Bb4 32. g4 Nc3 33. Ng3 Nxd1 34. Nh3 Be7 0-1

[Event "TUR-chT"]
[Site "Konya"]
[Date "2019.07.24"]
[Round "8.5"]
[White "Dimitrov, Radoslav"]
[Black "Esen, Baris"]
[Result "0-1"]
[WhiteElo "2530"]
[BlackElo "2478"]
[PlyCount "104"]
[EventDate "2019.07.17"]
[EventType "team-tourn"]
[EventRounds "13"]
[EventCountry "TUR"]
[SourceTitle "CBM 191 Extra"]
[Source "ChessBase"]
[SourceDate "2019.09.30"]
[SourceVersion "1"]
[SourceVersionDate "2019.09.30"]
[SourceQuality "1"]
[WhiteTeam "Tas Duvar"]
[BlackTeam "Hatay Buyuksehir"]
[WhiteTeamCountry "TUR"]
[BlackTeamCountry "TUR"]

1. e4 c5 2. Nc3 d6 3. f4 g6 4. Nf3 Bg7 5. Bc4 Nc6 6. 0-0 e6 7. f5 exf5 8. d3 h6 9. Qe1 Nge7 10. Qg3 Ne5 11. Nxe5 dxe5 12. Qf2 0-0 13. Qxc5 f4 14. Qf2 g5 15. b4 Ng6 16. b5 g4 17. g3 h5 18. Nd5 f3 19. Qe3 Kh7 20. Qg5 Qxg5 21. Bxg5 f5 22. Nc7 Rb8 23. Be3 b6 24. Ne6 Bxe6 25. Bxe6 f4 26. Bf2 Kh6 27. a4 Kg5 28. a5 Rf6 29. axb6 axb6 30. Bd5 h4 31. gxh4+ Nxh4 32. Ra7 Rg6 33. Rfa1 Ng2 34. Ra8 Rxa8 35. Rxa8 g3 36. hxg3 Kg4 37. Bf7 Rf6 38. Ra7 Bf8 39. gxf4 Nxf4 40. Bg8 Nh3+ 41. Kf1 Nxf2 42. Kxf2 Bc5+ 43. Kf1 Rg6 44. Bh7 Rg5 45. Rf7 Rh5 46. Bf5+ Kg3 47. Rh7 Rg5 48. c3 Kf4 49. Rh4+ Ke3 50. d4 exd4 51. cxd4 Bxd4 52. Rh3 Rg8 0-1

[Event "TUR-chT"]
[Site "Ankara"]
[Date "2018.07.25"]
[Round "1.6"]
[White "Esen, Baris"]
[Black "Yurtseven, Melih"]
[Result "1/2-1/2"]
[WhiteElo "2487"]
[BlackElo "2404"]
[PlyCount "63"]
[EventDate "2018.07.25"]
[EventType "team-tourn"]
[EventRounds "13"]
[EventCountry "TUR"]
[SourceTitle "CBM 185 Extra"]
[Source "ChessBase"]
[SourceDate "2018.07.29"]
[SourceVersion "1"]
[SourceVersionDate "2018.07.29"]
[SourceQuality "1"]
[WhiteTeam "Hatay Buyuksehir"]
[BlackTeam "Deniz su Aquamatch"]
[WhiteTeamCountry "TUR"]
[BlackTeamCountry "TUR"]

1. d4 d5 2. c4 e6 3. Nf3 c5 4. cxd5 exd5 5. Bg5 Nf6 6. Nc3 cxd4 7. Nxd4 Be7 8. e3 0-0 9. Be2 Nc6 10. 0-0 Be6 11. Rc1 Rc8 12. Nxc6 bxc6 13. Na4 Qa5 14. a3 c5 15. Qc2 c4 16. Bf4 Nd7 17. Rfd1 Rfd8 18. Rd2 Bf6 19. Bd6 Ne5 20. Bb4 Qb5 21. Bc3 Qe8 22. Bd4 Nd3 23. Bxf6 Nxc1 24. Bxd8 Nb3 25. Rd1 Qxa4 26. Be7 Nc5 27. Rd2 Qxc2 28. Rxc2 Na4 29. Bd6 f6 30. Rd2 a5 31. Bd1 Nc5 32. Bxc5 1/2-1/2

[Event "TUR-chT"]
[Site "Kocaeli"]
[Date "2017.07.31"]
[Round "7.3"]
[White "Esen, Baris"]
[Black "Buyukasik, Diyap"]
[Result "1-0"]
[WhiteElo "2528"]
[BlackElo "2285"]
[PlyCount "71"]
[EventDate "2017.07.26"]
[EventType "team-tourn"]
[EventRounds "13"]
[EventCountry "TUR"]
[SourceTitle "CBM 179 Extra"]
[Source "ChessBase"]
[SourceDate "2017.08.23"]
[SourceVersion "1"]
[SourceVersionDate "2017.08.23"]
[SourceQuality "1"]
[WhiteTeam "Hatay Buyuksehir"]
[BlackTeam "Canakkale Gokceada"]
[WhiteTeamCountry "TUR"]
[BlackTeamCountry "TUR"]

1. d4 Nf6 2. c4 e6 3. Nf3 Bb4+ 4. Bd2 Qe7 5. g3 0-0 6. Bg2 Nc6 7. 0-0 Bxd2 8. Qxd2 d5 9. Qc3 Bd7 10. Nbd2 Ne4 11. Qd3 f5 12. e3 Rad8 13. a3 a5 14. Qb3 a4 15. Qc2 g5 16. Rfd1 h5 17. cxd5 exd5 18. Qxa4 h4 19. Qb3 hxg3 20. hxg3 Be6 21. Qc2 Rf7 22. b4 Rh7 23. b5 Na5 24. Ne5 Qf6 25. Nf1 f4 26. exf4 gxf4 27. Rd3 fxg3 28. Nxg3 Qh4 29. Nxe4 Qh2+ 30. Kf1 dxe4 31. Rg3+ Qxg3 32. fxg3 Rxd4 33. Qc3 Nb3 34. Re1 Bd5 35. Kg1 Re7 36. Ng4 1-0

[Event "TUR-chT"]
[Site "Kocaeli"]
[Date "2017.07.28"]
[Round "3.1"]
[White "Tofan, Ibrahim"]
[Black "Esen, Baris"]
[Result "1-0"]
[WhiteElo "2194"]
[BlackElo "2528"]
[PlyCount "83"]
[EventDate "2017.07.26"]
[EventType "team-tourn"]
[EventRounds "13"]
[EventCountry "TUR"]
[SourceTitle "CBM 179 Extra"]
[Source "ChessBase"]
[SourceDate "2017.08.23"]
[SourceVersion "1"]
[SourceVersionDate "2017.08.23"]
[SourceQuality "1"]
[WhiteTeam "Karaman Belediye"]
[BlackTeam "Hatay Buyuksehir"]
[WhiteTeamCountry "TUN"]
[BlackTeamCountry "TUR"]

1. e4 g6 2. Nc3 Bg7 3. g3 e6 4. Bg2 Ne7 5. Nge2 d5 6. d4 dxe4 7. Nxe4 Nbc6 8. c3 h6 9. 0-0 b6 10. b4 Rb8 11. a4 e5 12. b5 Na5 13. dxe5 Qxd1 14. Rxd1 Bxe5 15. Bf4 Bxf4 16. Nf6+ Kf8 17. Nxf4 Nf5 18. Rd8+ Kg7 19. Ne8+ Kh7 20. Nd5 h5 21. Ndxc7 Nb3 22. Rad1 Nc5 23. Nf6+ Kg7 24. Rxh8 Kxh8 25. Rd8+ Kg7 26. Nfe8+ Kh6 27. c4 Kh7 28. Bd5 Nd4 29. f4 Nd3 30. Nf6+ Kh6 31. Nd7 Bxd7 32. Rxb8 Bh3 33. Bg2 Bg4 34. Rd8 Ne2+ 35. Kf1 Nc5 36. h3 Nxg3+ 37. Kf2 Nge4+ 38. Bxe4 Nxe4+ 39. Kg2 Bf5 40. Rh8+ Kg7 41. Ra8 Nd2 42. Ne8+ 1-0

[Event "TUR-chT"]
[Site "Kocaeli"]
[Date "2017.07.26"]
[Round "1.2"]
[White "Yilmazyerli, Mert"]
[Black "Esen, Baris"]
[Result "1/2-1/2"]
[WhiteElo "2459"]
[BlackElo "2528"]
[PlyCount "61"]
[EventDate "2017.07.26"]
[EventType "team-tourn"]
[EventRounds "13"]
[EventCountry "TUR"]
[SourceTitle "CBM 179 Extra"]
[Source "ChessBase"]
[SourceDate "2017.08.23"]
[SourceVersion "1"]
[SourceVersionDate "2017.08.23"]
[SourceQuality "1"]
[WhiteTeam "Manisa TS Alyans"]
[BlackTeam "Hatay Buyuksehir"]
[WhiteTeamCountry "TUR"]
[BlackTeamCountry "TUR"]

1. e4 e5 2. Nf3 Nc6 3. Bb5 Nf6 4. 0-0 Nxe4 5. Re1 Nd6 6. Nxe5 Be7 7. Bf1 Nxe5 8. Rxe5 0-0 9. d4 Bf6 10. Re1 Re8 11. c3 Rxe1 12. Qxe1 Ne8 13. Bf4 d5 14. Bd3 c6 15. Nd2 g6 16. Qe2 Ng7 17. Re1 Bf5 18. Bxf5 Nxf5 19. Nf3 Ng7 20. Be5 Ne6 21. Bxf6 Qxf6 22. Ne5 Re8 23. Ng4 Qd8 24. Qe5 Ng7 25. Qxe8+ Nxe8 26. Rxe8+ Qxe8 27. Nf6+ Kf8 28. Nxe8 Kxe8 29. f4 Kd7 30. Kf2 f5 31. Ke3 1/2-1/2

[Event "Izmir MTS 6th"]
[Site "Izmir"]
[Date "2017.07.11"]
[Round "7.5"]
[White "Esen, Baris"]
[Black "Guseynov, Alihan"]
[Result "1/2-1/2"]
[WhiteElo "2528"]
[BlackElo "2352"]
[PlyCount "26"]
[EventDate "2017.07.07"]
[EventType "schev"]
[EventRounds "10"]
[EventCountry "TUR"]
[SourceTitle "CBM 179 Extra"]
[Source "ChessBase"]
[SourceDate "2017.08.23"]
[SourceVersion "1"]
[SourceVersionDate "2017.08.23"]
[SourceQuality "1"]
[WhiteTeam "Blue Team"]
[BlackTeam "White Team"]
[WhiteTeamCountry "TUR"]
[BlackTeamCountry "TUR"]

1. Nf3 Nf6 2. c4 e6 3. Nc3 Bb4 4. Qc2 0-0 5. a3 Bxc3 6. Qxc3 b6 7. b4 a5 8. b5 Bb7 9. g3 d5 10. Bb2 c5 11. bxc6 Nxc6 12. cxd5 exd5 13. Bg2 d4 1/2-1/2

[Event "Izmir MTS 6th"]
[Site "Izmir"]
[Date "2017.07.09"]
[Round "4.8"]
[White "Drasko, Milan"]
[Black "Esen, Baris"]
[Result "1/2-1/2"]
[WhiteElo "2451"]
[BlackElo "2528"]
[PlyCount "35"]
[EventDate "2017.07.07"]
[EventType "schev"]
[EventRounds "10"]
[EventCountry "TUR"]
[SourceTitle "CBM 179 Extra"]
[Source "ChessBase"]
[SourceDate "2017.08.23"]
[SourceVersion "1"]
[SourceVersionDate "2017.08.23"]
[SourceQuality "1"]
[WhiteTeam "White Team"]
[BlackTeam "Blue Team"]
[WhiteTeamCountry "TUR"]
[BlackTeamCountry "TUR"]

1. Nf3 Nf6 2. g3 g6 3. Bg2 Bg7 4. 0-0 0-0 5. d4 d5 6. c4 dxc4 7. Na3 c3 8. bxc3 c5 9. e3 Nc6 10. Bb2 Bf5 11. Re1 Be4 12. Nc4 Bd5 13. Qe2 Rc8 14. Ncd2 cxd4 15. exd4 e6 16. c4 Bxf3 17. Nxf3 Qa5 18. Nd2 1/2-1/2

[Event "Izmir MTS 6th"]
[Site "Izmir"]
[Date "2017.07.09"]
[Round "5.7"]
[White "Esen, Baris"]
[Black "Bagaturov, Giorgi"]
[Result "1/2-1/2"]
[WhiteElo "2528"]
[BlackElo "2412"]
[PlyCount "59"]
[EventDate "2017.07.07"]
[EventType "schev"]
[EventRounds "10"]
[EventCountry "TUR"]
[SourceTitle "CBM 179 Extra"]
[Source "ChessBase"]
[SourceDate "2017.08.23"]
[SourceVersion "1"]
[SourceVersionDate "2017.08.23"]
[SourceQuality "1"]
[WhiteTeam "Blue Team"]
[BlackTeam "White Team"]
[WhiteTeamCountry "TUR"]
[BlackTeamCountry "TUR"]

1. d4 Nf6 2. c4 e6 3. Nc3 Bb4 4. Qc2 c5 5. dxc5 0-0 6. a3 Bxc5 7. Nf3 Nc6 8. Bg5 b6 9. Rd1 Be7 10. e4 h6 11. Bf4 Bb7 12. Be2 Rc8 13. 0-0 Na5 14. e5 Ne8 15. b3 Bxa3 16. Nb5 Bc5 17. Nxa7 Ra8 18. Nb5 Nc6 19. Qd2 Nb4 20. Nc3 Ra3 21. Qb2 Ra5 22. Rd2 f5 23. exf6 Qxf6 24. Be5 Qf5 25. Bg3 d6 26. Nd4 Qf6 27. Ndb5 e5 28. Qb1 Qg5 29. Rdd1 Bc6 30. Ne4 1/2-1/2

[Event "Izmir MTS 6th"]
[Site "Izmir"]
[Date "2017.07.08"]
[Round "2.10"]
[White "Firat, Burak"]
[Black "Esen, Baris"]
[Result "1/2-1/2"]
[WhiteElo "2480"]
[BlackElo "2528"]
[PlyCount "26"]
[EventDate "2017.07.07"]
[EventType "schev"]
[EventRounds "10"]
[EventCountry "TUR"]
[SourceTitle "CBM 179 Extra"]
[Source "ChessBase"]
[SourceDate "2017.08.23"]
[SourceVersion "1"]
[SourceVersionDate "2017.08.23"]
[SourceQuality "1"]
[WhiteTeam "White Team"]
[BlackTeam "Blue Team"]
[WhiteTeamCountry "TUR"]
[BlackTeamCountry "TUR"]

1. e4 e5 2. Nf3 Nc6 3. Bc4 Be7 4. d4 d6 5. dxe5 dxe5 6. Qxd8+ Bxd8 7. Be3 f6 8. a4 Bg4 9. Nbd2 Nge7 10. a5 Bh5 11. a6 b6 12. c3 Bf7 13. 0-0 Bxc4 1/2-1/2

[Event "Graz op-A"]
[Site "Graz"]
[Date "2017.02.24"]
[Round "6"]
[White "Costachi, Mihnea"]
[Black "Esen, Baris"]
[Result "1/2-1/2"]
[WhiteElo "2430"]
[BlackElo "2528"]
[PlyCount "120"]
[EventDate "2017.02.20"]
[EventType "swiss"]
[EventRounds "9"]
[EventCountry "AUT"]
[SourceTitle "CBM 177 Extra"]
[Source "ChessBase"]
[SourceDate "2017.04.27"]
[SourceVersion "1"]
[SourceVersionDate "2017.04.27"]
[SourceQuality "1"]

1. d4 d5 2. c4 e6 3. Nc3 Be7 4. cxd5 exd5 5. Bf4 c6 6. Qc2 g6 7. e3 Bf5 8. Qd2 Nd7 9. f3 Nb6 10. 0-0-0 Nf6 11. g4 Be6 12. h4 h5 13. g5 Nfd7 14. Bd3 Bb4 15. Nge2 Na4 16. Qc2 Nxc3 17. Nxc3 Qe7 18. e4 dxe4 19. Bxe4 Bxc3 20. Qxc3 0-0 21. Rhe1 Nb6 22. Qc5 Qd7 23. Kb1 Nd5 24. Be5 Rfe8 25. Rc1 a5 26. a3 a4 27. Qd6 Red8 28. Qxd7 Rxd7 29. Bxd5 Rxd5 30. Rc3 Kf8 31. Rc5 Rd7 32. Bf6 Ke8 33. Kc2 Rd6 34. Be5 Rd5 35. Rxd5 Bxd5 36. Bd6+ Be6 37. Bc5 Ra5 38. Re5 Kd7 39. f4 Rb5 40. Bb4 Rxe5 41. fxe5 Bd5 42. Be1 Ke6 43. Kc3 b6 44. Kd3 Kf5 45. Ke3 Kg4 46. Bf2 Kh3 47. Be1 Kg2 48. Bf2 Kh3 49. Be1 Kg4 50. Bf2 c5 51. dxc5 bxc5 52. Be1 Kf5 53. Bg3 Ke6 54. Kf4 Bb3 55. Be1 Kd5 56. Bc3 Bc2 57. Ke3 Kc4 58. Ba5 Kb3 59. Bc3 Bf5 60. Kd2 Ka2 1/2-1/2

[Event "Lienz op 19th"]
[Site "Lienz"]
[Date "2017.02.16"]
[Round "7"]
[White "Schnider, Gert"]
[Black "Esen, Baris"]
[Result "1/2-1/2"]
[WhiteElo "2419"]
[BlackElo "2528"]
[PlyCount "56"]
[EventDate "2017.02.11"]
[EventType "swiss"]
[EventRounds "9"]
[EventCountry "AUT"]
[SourceTitle "CBM 176 Extra"]
[Source "ChessBase"]
[SourceDate "2017.03.02"]
[SourceVersion "1"]
[SourceVersionDate "2017.03.02"]
[SourceQuality "1"]

1. e4 b6 2. d4 Bb7 3. Bd3 g6 4. Nf3 Bg7 5. c4 d6 6. Nc3 Nd7 7. Qe2 e5 8. d5 Ne7 9. h4 Nf6 10. Bc2 0-0 11. Ng5 h6 12. Nh3 Bc8 13. Bd2 c5 14. Qf3 Bg4 15. Qg3 a6 16. Bd1 Bxd1 17. Rxd1 b5 18. Qf3 Nc8 19. g4 Nd7 20. h5 g5 21. b3 Rb8 22. Qd3 b4 23. Ne2 a5 24. Ng3 a4 25. Nf5 a3 26. Ke2 Rb6 27. Rdg1 f6 28. Qf3 Ne7 1/2-1/2

[Event "Lienz op 19th"]
[Site "Lienz"]
[Date "2017.02.14"]
[Round "5"]
[White "Feige, Manuel"]
[Black "Esen, Baris"]
[Result "1/2-1/2"]
[WhiteElo "2382"]
[BlackElo "2528"]
[PlyCount "91"]
[EventDate "2017.02.11"]
[EventType "swiss"]
[EventRounds "9"]
[EventCountry "AUT"]
[SourceTitle "CBM 176 Extra"]
[Source "ChessBase"]
[SourceDate "2017.03.02"]
[SourceVersion "1"]
[SourceVersionDate "2017.03.02"]
[SourceQuality "1"]

1. d4 d5 2. c4 c6 3. Nf3 Nf6 4. Nc3 e6 5. e3 Nbd7 6. Bd3 dxc4 7. Bxc4 b5 8. Bd3 a6 9. e4 c5 10. d5 Qc7 11. 0-0 c4 12. Bc2 Bb7 13. dxe6 fxe6 14. Qe2 Bd6 15. Bg5 0-0 16. Rad1 Rae8 17. h3 Bf4 18. Bxf4 Qxf4 19. Nh2 Rd8 20. a3 Nc5 21. g3 Qc7 22. Ng4 Nxg4 23. Qxg4 Bc6 24. Qg5 e5 25. Nd5 Bxd5 26. exd5 e4 27. Qe3 Rf3 28. Qd4 Rxg3+ 29. fxg3 Qxg3+ 30. Kh1 Qxh3+ 31. Kg1 Qg3+ 32. Kh1 Rd6 33. Rf8+ Kxf8 34. Qxc5 Qh3+ 35. Kg1 Qg3+ 36. Kh1 Qh3+ 37. Kg1 Qg3+ 38. Kh1 Kf7 39. Rf1+ Rf6 40. Qa7+ Kf8 41. Qa8+ Ke7 42. Qb7+ Kd8 43. Qa8+ Kd7 44. Qa7+ Kd8 45. Qa8+ Kd7 46. Qa7+ 1/2-1/2

[Event "TUR Cup"]
[Site "Antalya"]
[Date "2017.01.31"]
[Round "6"]
[White "Esen, Baris"]
[Black "Arat, Ufuk Sezen"]
[Result "1-0"]
[WhiteElo "2528"]
[BlackElo "2392"]
[PlyCount "65"]
[EventDate "2017.01.28"]
[EventType "swiss"]
[EventRounds "11"]
[EventCountry "TUR"]
[SourceTitle "CBM 176 Extra"]
[Source "ChessBase"]
[SourceDate "2017.03.02"]
[SourceVersion "1"]
[SourceVersionDate "2017.03.02"]
[SourceQuality "1"]

1. Nf3 Nf6 2. c4 g6 3. g3 c5 4. Bg2 Bg7 5. d4 cxd4 6. Nxd4 0-0 7. Nc3 Nc6 8. 0-0 Qa5 9. Nb3 Qh5 10. Nd5 d6 11. Nf4 Qf5 12. Re1 Rd8 13. e4 Qd7 14. Bd2 b6 15. Bc3 Bb7 16. Nd5 Ne5 17. Nxf6+ Bxf6 18. f4 Nxc4 19. Bxf6 exf6 20. Qd4 d5 21. exd5 Qb5 22. Rad1 a5 23. Re7 Nd6 24. Qxf6 Qc4 25. Rc1 Qd3 26. Nd4 Qd2 27. Rb1 Rac8 28. Nc6 Re8 29. Qxd6 Bxc6 30. Qxc6 Red8 31. Rc7 Rxc7 32. Qxc7 Re8 33. Qc3 1-0